000
00262nam a2200109Ia 4500
008
190914s9999||||xx |||||||||||||| ||und||
100
_a
K.K. Sinha
245
0
_a
Taxmann's Business Communication
260
_a
India
_b
S. Chand
_c
2008
300
_a
824
942
_c
BK
999
_c
10138
_d
10138